| 000 | 01074nam a22003377a 4500 | ||
|---|---|---|---|
| 001 | BR8600005 | ||
| 003 | BR-BrBNA | ||
| 005 | 20230928092215.0 | ||
| 007 | ta | ||
| 008 | 230509b bl.||||| |||| 00| 0 por d | ||
| 040 |
_aBR-BrBNA _bpor _cBiblioteca Nacional de Agricultura |
||
| 041 | _a(Por) | ||
| 072 |
_aP32; P33 _b/G514 |
||
| 090 | _ P32 BR8600005 | ||
| 100 | 1 | _aSilva, F.C.M. da | |
| 110 | 1 |
_aEscola Superior de Agricultura de Lavras, MG (Brasil) _0Tese (Mestrado) |
|
| 245 | 1 | _aMineralogia e genese de uma sequencia de solos no municipio de Bandeirantes - Parana | |
| 246 | 1 | _a[Mineralogy and genesis of a soil sequence in Bandeirantes county - Parana] | |
| 260 | 3 |
_aLavras, MG (Brasil): _c1985. |
|
| 300 | _a145 p. | ||
| 500 | _a42 illus.; Summaries (Eng, Por); Bibliography p. 90-102 (96 ref.) | ||
| 650 | _aQUIMICA DO SOLO | ||
| 650 | _aFISICA DO SOLO | ||
| 650 | _aGENESE DO SOLO | ||
| 650 | _aMINERALOGIA | ||
| 650 | _aLATOSSOLO ROXO | ||
| 650 | _aBANDEIRANTES | ||
| 650 | _aPARANA | ||
| 909 |
_a202309 _bLucia _c55 _dLucia Elande |
||
| 942 | _cBK | ||
| 999 |
_c37687 _d37687 |
||